000 00917nam a2200241Ia 4500
008 191130s2010##################000#0#eng##
020 _a9783110220230
022 _a2010002363
040 _aACL
_cACL
082 _a420.9 SPE
100 _aSpeyer, Augustin
245 _aTopicalization and stress clash avoidance in the history of English
_cby Augustin Speyer
260 _aBerlin ; New York
_bDe Gruyter Mouton
_cc2010
300 _aix, 286 p. : ill. ; 24 cm
500 _aOriginally presented as the author's thesis (doctoral)--Johann Wolfgang Goethe Universität Frankfurt, Germany-2008. Includes bibliographical references and indexes
650 _aEnglish language - Grammar, Historical
650 _aEnglish language - History
650 _aEnglish language - Syntax
650 _aEnglish language - Word order
990 _afe1c2e5bac10000c403e851a87d8ae74
991 _a386585
999 _c80537
_d80537